| 000 | 01071cab a2200313 4500 | ||
|---|---|---|---|
| 001 | ABS51908 | ||
| 008 | 090401t1994 xxu||||| |||| 00| 0 eng d | ||
| 035 | _a(Sirsi) u50090 | ||
| 041 | _aeng | ||
| 245 | _aRefurbishment | ||
| 260 | _c1994 | ||
| 350 | _a0 | ||
| 490 |
_aNew Builder _v(239) 2 December 1994, 29-40(10) |
||
| 520 | _aFocuses on refurbishment projects in the public sector, including the rebuilding of Hulme in Manchester as an urban village; restoration of St Pancras Station and the Foreign & Commonwealth Office and the recladding of Altnagelvin hospital in Derry, Northern Ireland. | ||
| 650 | _aALTNAGELVIN HOSPITAL | ||
| 650 | _aDERRY | ||
| 650 | _aFOREIGN AND COMMONWEALTH OFFICE | ||
| 650 | _aHOUSING ESTATES | ||
| 650 | _aHULME | ||
| 650 | _aMANCHESTER | ||
| 650 | _aNORTHERN IRELAND | ||
| 650 | _aBUILT ENVIRONMENT-BUILDING MAINTENANCE AND REFURBISHMENT | ||
| 650 | _aST PANCRAS STATION | ||
| 650 | _aTENANT INVOLVEMENT | ||
| 650 | _aURBAN VILLAGES | ||
| 690 |
_aRefurbishment _96264 |
||
| 942 | _n0 | ||
| 948 | _c04/03/1997 | ||
| 999 |
_c31299 _d31299 |
||